[Event "XXXIX C.to Italiano a Serie Nazionali a squadre B"]
[Site "Cattolica ITA"]
[Date "2007.05.11"]
[Round "1"]
[White "Gallitto, Salvatore"]
[Black "Dappiano, Andrea"]
[WhiteElo "1939"]
[BlackElo "1767"]
[Result "1/2-1/2"]
[PlyCount "110"]
[EventDate "2007.05.11"]

1. d4 Nf6 2. e3 g6 3. Be2 Bg7 4. h4 h5 5. Nh3 d6 6. Ng5 O-O 7. Nd2 e5 8. c3 Nc6
9. Ndf3 Qe8 10. O-O Bg4 11. Re1 e4 12. Nd2 Bxe2 13. Rxe2 d5 14. b4 a6 15. a4
Ne7 16. Ba3 b5 17. Nb3 Qc6 18. Nc5 Nd7 19. Rd2 Nf5 20. g3 Nd6 21. Rda2 Nxc5 22.
bxc5 Nc4 23. Bb4 a5 24. axb5 Qxb5 25. Qa4 Qxa4 26. Rxa4 axb4 27. Rxa8 b3 28.
Rxf8+ Bxf8 29. Rb1 b2 30. f3 exf3 31. Kf2 Bh6 32. Nxf3 Bxe3+ 33. Ke2 Bc1 34.
Kd1 Kg7 35. Ne1 Na3 36. Rxc1 bxc1=Q+ 37. Kxc1 Kf6 38. Nd3 Kf5 39. Nf2 f6 40.
Kd2 Nc4+ 41. Ke2 g5 42. Nd3 gxh4 43. gxh4 Ke4 44. Nf2+ Kf4 45. Nd3+ Kf5 46. Nb4
Ke4 47. Nd3 c6 48. Nb4 Na5 49. Nd3 f5 50. Ne5 f4 51. Kf2 f3 52. Nxf3 Kd3 53.
Kg3 Kxc3 54. Kf4 Nb3 55. Ke5 Kd3 1/2-1/2

[Event "XXXIX C.to Italiano a Serie Nazionali a squadre B"]
[Site "Cattolica ITA"]
[Date "2007.05.11"]
[Round "1"]
[White "Gueneau, Christophe"]
[Black "La Manna, Andrea"]
[WhiteElo "2126"]
[BlackElo "2097"]
[Result "1/2-1/2"]
[PlyCount "121"]
[EventDate "2007.05.11"]

1. d4 f5 2. Nc3 Nf6 3. Bg5 d5 4. Bxf6 exf6 5. e3 Be6 6. Bd3 Qd7 7. Qf3 Nc6 8.
a3 Ne7 9. Nge2 c6 10. h3 h5 11. O-O-O Nc8 12. Nf4 Bf7 13. g4 hxg4 14. hxg4 fxg4
15. Qg2 Rxh1 16. Rxh1 f5 17. f3 gxf3 18. Qg5 Qe7 19. Qxf5 Qxe3+ 20. Kb1 Nd6 21.
Qe5+ Qxe5 22. dxe5 g5 23. exd6 gxf4 24. Rh4 Bxd6 25. Rh8+ Bf8 26. Rh4 Bd6 27.
Rh8+ Bf8 28. Rh4 O-O-O 29. Rxf4 Bh5 30. Rh4 d4 31. Rxh5 dxc3 32. a4 Bg7 33.
bxc3 Bxc3 34. Rf5 f2 35. Rxf2 Rd4 36. Ka2 Rb4 37. Rf7 Be5 38. Rf8+ Kc7 39. Rf7+
Kb6 40. Re7 Bd6 41. Re4 Ka5 42. c3 Rxa4+ 43. Rxa4+ Kxa4 44. Bc2+ Kb5 45. Bd3+
Kc5 46. Kb3 a5 47. Ka4 b5+ 48. Kb3 a4+ 49. Kc2 Be5 50. Bg6 b4 51. cxb4+ Kxb4
52. Kb1 c5 53. Bf5 c4 54. Be6 Bd6 55. Ka2 Kc3 56. Bg4 a3 57. Bf5 Be7 58. Bg6
Kd2 59. Kb1 Bd6 60. Bf7 Kc3 61. Ka2 1/2-1/2

[Event "XXXIX C.to Italiano a Serie Nazionali a squadre B"]
[Site "Cattolica ITA"]
[Date "2007.05.11"]
[Round "1"]
[White "Iafelice, Vincenzo"]
[Black "Cerquitella, Luca"]
[WhiteElo "2068"]
[BlackElo "2198"]
[Result "0-1"]
[PlyCount "70"]
[EventDate "2007.05.11"]

1. e4 Nc6 2. Nc3 e5 3. Bb5 Bc5 4. Nf3 d6 5. d4 exd4 6. Nxd4 Bd7 7. Bxc6 bxc6 8.
O-O Qe7 9. Nb3 Bb6 10. a4 a6 11. Kh1 Qh4 12. a5 Ba7 13. Qe2 Nf6 14. e5 Ng4 15.
exd6+ Be6 16. d7+ Kxd7 17. Bf4 Nxf2+ 18. Rxf2 Qxf2 19. Rd1+ Ke7 20. Qe5 Rhd8
21. Qxc7+ Ke8 22. Bd6 Bd7 23. Bb4 Bb8 24. Qb7 Qh4 25. g3 Bxg3 26. Rd2 Be5 27.
Re2 Qf4 28. Nd2 f6 29. Nce4 Kf7 30. Qb6 Kg8 31. Qc5 Kh8 32. Rf2 Qg4 33. Qe7 Bf5
34. Ng3 Bxg3 35. hxg3 Re8 0-1

[Event "XXXIX C.to Italiano a Serie Nazionali a squadre B"]
[Site "Cattolica ITA"]
[Date "2007.05.11"]
[Round "1"]
[White "La Manna, Francesco"]
[Black "Sciortino, Massimo"]
[WhiteElo "2179"]
[BlackElo "2254"]
[Result "0-1"]
[PlyCount "44"]
[EventDate "2007.05.11"]

1. d4 Nf6 2. c4 e6 3. Nc3 Bb4 4. a3 Bxc3+ 5. bxc3 Ne4 6. e3 b6 7. Bd3 Bb7 8.
Ne2 f5 9. f3 Nf6 10. Rb1 O-O 11. Qc2 Nc6 12. c5 Qe7 13. O-O Kh8 14. e4 fxe4 15.
fxe4 Ng4 16. Rf4 Qh4 17. Rxf8+ Rxf8 18. Bf4 Rxf4 19. h3 Qf2+ 20. Kh1 Ne3 21.
Nxf4 Nxc2 22. Rf1 Qxf1+ 0-1

[Event "XXXIX C.to Italiano a Serie Nazionali a squadre B"]
[Site "Cattolica ITA"]
[Date "2007.05.11"]
[Round "1"]
[White "Loi, Andrea"]
[Black "Bracali, Andrea"]
[WhiteElo "2024"]
[BlackElo "2071"]
[Result "1/2-1/2"]
[PlyCount "61"]
[EventDate "2007.05.11"]

1. d4 d6 2. c4 e5 3. Nf3 Nc6 4. Nc3 Bg4 5. d5 Nce7 6. e4 Nf6 7. Be2 g6 8. O-O
Bg7 9. Ne1 Bxe2 10. Qxe2 O-O 11. Be3 Nd7 12. Nd3 f5 13. f3 f4 14. Bf2 b6 15. b4
a5 16. a3 Nf6 17. c5 axb4 18. axb4 bxc5 19. bxc5 Qd7 20. c6 Qc8 21. Rab1 g5 22.
Rb7 g4 23. Nb5 gxf3 24. gxf3 Ne8 25. Nb4 Rf7 26. Na7 Qh3 27. Na6 Bf6 28. Be1
Rg7+ 29. Kh1 Ng6 30. Rg1 Bd8 31. Qg2 1/2-1/2

[Event "XXXIX C.to Italiano a Serie Nazionali a squadre B"]
[Site "Cattolica ITA"]
[Date "2007.05.11"]
[Round "1"]
[White "Seleni, Aldo"]
[Black "Ridolfi, Raffaele"]
[WhiteElo "2100"]
[BlackElo "1932"]
[Result "1-0"]
[PlyCount "101"]
[EventDate "2007.05.11"]

1. d4 d5 2. Nf3 Nf6 3. e3 c6 4. Bd3 Bg4 5. c4 Qb6 6. cxd5 Nxd5 7. O-O e6 8.
Nbd2 Be7 9. Nc4 Qc7 10. Nce5 Bxf3 11. Qxf3 Nf6 12. Qh3 Nbd7 13. f4 c5 14. Bd2
cxd4 15. exd4 Qb6 16. Bc3 Rd8 17. Kh1 Nd5 18. Nc4 Qc7 19. f5 exf5 20. Qxf5 N7f6
21. Rae1 O-O 22. Qh3 g6 23. Rf3 Kg7 24. Bd2 Ng8 25. Ne5 Bf6 26. Qg3 Qb6 27. Qf2
Bxe5 28. Rxe5 f5 29. Bc4 Ndf6 30. Rb3 Qc7 31. Rc5 Qd7 32. d5 Ne4 33. Qd4+ Ngf6
34. Rcb5 b6 35. Bf4 g5 36. Be5 Kg6 37. a4 Nd6 38. Bxd6 Qxd6 39. a5 Nd7 40. axb6
Nxb6 41. Rxb6 axb6 42. Rxb6 Rfe8 43. Rxd6+ Rxd6 44. Kg1 Re4 45. Qc5 Rf6 46. Bd3
Re1+ 47. Kf2 Rd1 48. Qc2 Ra1 49. g4 h5 50. Bxf5+ Kh6 51. Qc7 1-0

[Event "XXXIX C.to Italiano a Serie Nazionali a squadre B"]
[Site "Cattolica ITA"]
[Date "2007.05.11"]
[Round "1"]
[White "Simeone, Giulio"]
[Black "Varini, Massimo"]
[WhiteElo "2003"]
[BlackElo "2023"]
[Result "0-1"]
[PlyCount "106"]
[EventDate "2007.05.11"]

1. c4 Nf6 2. Nc3 g6 3. e4 d6 4. d4 Bg7 5. f3 O-O 6. Be3 Nc6 7. d5 Ne5 8. f4
Neg4 9. Bd4 c5 10. dxc6 bxc6 11. Nf3 c5 12. Bg1 Qa5 13. Qc2 Nxe4 14. Rc1 Nxc3
15. bxc3 Bf5 16. Bd3 Bxd3 17. Qxd3 Qxa2 18. Nd2 e5 19. h3 Nh6 20. fxe5 Rfe8 21.
Be3 Nf5 22. Bg5 Rxe5+ 23. Kf2 Qa6 24. Ra1 Qc6 25. Nf3 Re6 26. Rhb1 h6 27. Bf4
Re4 28. Bd2 Bf6 29. g4 Nh4 30. Bxh6 Rae8 31. Nxh4 Bxh4+ 32. Kg1 Re2 33. Qd5
Qxd5 34. cxd5 Bf6 35. Rxa7 Bxc3 36. Bf4 Bd4+ 37. Kh1 Re1+ 38. Rxe1 Rxe1+ 39.
Kg2 Be5 40. Bg5 Rd1 41. Be7 Rxd5 42. Ra8+ Kg7 43. g5 c4 44. Bf8+ Kh7 45. Ra7
Rd2+ 46. Kf1 Rd4 47. Rxf7+ Kg8 48. Rf3 Rf4 49. Rxf4 Bxf4 50. Be7 Kf7 51. Bd8
Ke6 52. h4 Kf5 53. Bb6 c3 0-1

[Event "XXXIX C.to Italiano a Serie Nazionali a squadre B"]
[Site "Cattolica ITA"]
[Date "2007.05.12"]
[Round "2"]
[White "Arcion, Riccardo"]
[Black "Loi, Andrea"]
[WhiteElo "1952"]
[BlackElo "2024"]
[Result "1-0"]
[PlyCount "47"]
[EventDate "2007.05.11"]

1. d4 d6 2. c4 e5 3. dxe5 dxe5 4. Qxd8+ Kxd8 5. Nc3 c6 6. e4 f6 7. Be3 Be6 8.
Nf3 Nd7 9. Be2 a5 10. O-O Kc7 11. Rfd1 Bc5 12. Rxd7+ Bxd7 13. Bxc5 Nh6 14. Rd1
Nf7 15. Na4 b5 16. Bb6+ Kc8 17. cxb5 cxb5 18. Nc5 Be8 19. Nh4 g6 20. Bg4+ Kb8
21. Bd7 Bxd7 22. Rxd7 Ng5 23. Rb7+ Kc8 24. Rc7+ 1-0

[Event "XXXIX C.to Italiano a Serie Nazionali a squadre B"]
[Site "Cattolica ITA"]
[Date "2007.05.12"]
[Round "2"]
[White "Cerquitella, Luca"]
[Black "Ridolfi, Raffaele"]
[WhiteElo "2198"]
[BlackElo "1932"]
[Result "1-0"]
[PlyCount "79"]
[EventDate "2007.05.11"]

1. e4 c6 2. d4 d5 3. exd5 cxd5 4. Bd3 Nf6 5. c3 Nc6 6. Bf4 Bg4 7. Qb3 Na5 8.
Qa4+ Bd7 9. Qc2 Qb6 10. a4 e6 11. Nd2 Be7 12. Ngf3 Rc8 13. Ne5 h6 14. O-O Nc6
15. Nxc6 Bxc6 16. Rfe1 Bd7 17. Nf3 a6 18. Ne5 Nh5 19. a5 Qc7 20. Nxf7 Nxf4 21.
Nxh8 Nxd3 22. Qxd3 Bf6 23. Ng6 Kf7 24. Ne5+ Bxe5 25. Rxe5 Kg8 26. Qe3 Re8 27.
f4 Rf8 28. f5 Rxf5 29. Rxf5 exf5 30. Qe7 Qc8 31. Re1 Bc6 32. Re6 Qf8 33. Kf2
Qf7 34. Qxf7+ Kxf7 35. Re5 Kf6 36. b3 g6 37. c4 dxc4 38. bxc4 Ba4 39. Rc5 Ke6
40. Ke3 1-0

[Event "XXXIX C.to Italiano a Serie Nazionali a squadre B"]
[Site "Cattolica ITA"]
[Date "2007.05.12"]
[Round "2"]
[White "Dappiano, Andrea"]
[Black "Seleni, Aldo"]
[WhiteElo "1767"]
[BlackElo "2100"]
[Result "1-0"]
[PlyCount "131"]
[EventDate "2007.05.11"]

1. c4 c5 2. Nc3 Nc6 3. g3 g6 4. Bg2 Bg7 5. a3 e6 6. Rb1 Nge7 7. b4 cxb4 8. axb4
a5 9. b5 Ne5 10. Qb3 Qc7 11. d3 d6 12. b6 Qd8 13. Ba3 O-O 14. Nb5 Qxb6 15. Bxd6
N5c6 16. Nc7 Qxb3 17. Rxb3 Ra7 18. Bxc6 Nxc6 19. Bxf8 Kxf8 20. Nf3 a4 21. Ra3
Bb2 22. Ra2 a3 23. Kd2 Nb4 24. Rxb2 axb2 25. Rb1 Ra2 26. Kc3 Nc6 27. Rxb2 Rxb2
28. Kxb2 Ke7 29. Nb5 f6 30. c5 Bd7 31. Nfd4 Nb8 32. Nc3 Na6 33. Nb3 e5 34. Nd5+
Ke6 35. Nb6 Bc6 36. Kc3 f5 37. Kc4 Bg2 38. Na5 Bf1 39. Nxb7 Bxe2 40. Kc3 Nc7
41. Nd8+ Ke7 42. Nc6+ Ke6 43. d4 Nb5+ 44. Kd2 Bf3 45. Nxe5 Nxd4 46. Ned7 Bc6
47. Nb8 Be4 48. Kc3 Nf3 49. Nc8 Ne5 50. f4 Nd7 51. Nxd7 Kxd7 52. Nd6 Bg2 53.
Kd4 Ke6 54. Nc4 h6 55. Ne5 g5 56. fxg5 hxg5 57. Nd3 Be4 58. h4 gxh4 59. gxh4
Kf6 60. Nf4 Bf3 61. h5 Bc6 62. Kc4 Kg5 63. Kd4 Be8 64. Ke5 Bc6 65. Kd6 Be4 66.
c6 1-0

[Event "XXXIX C.to Italiano a Serie Nazionali a squadre B"]
[Site "Cattolica ITA"]
[Date "2007.05.12"]
[Round "2"]
[White "Dentale, Enrico"]
[Black "Ferri, Stefano"]
[WhiteElo "2003"]
[BlackElo "2162"]
[Result "0-1"]
[PlyCount "64"]
[EventDate "2007.05.11"]

1. d4 c5 2. c3 Nf6 3. Nf3 e6 4. e3 Nc6 5. Bd3 d5 6. O-O Bd6 7. Nbd2 O-O 8. dxc5
Bxc5 9. e4 e5 10. Qe2 h6 11. b4 dxe4 12. Bxe4 Bd6 13. Rd1 Be6 14. Bxc6 bxc6 15.
Ne4 Nxe4 16. Qxe4 Qc7 17. Qh4 Rad8 18. Bb2 f5 19. a4 f4 20. Nd2 Bf5 21. Nc4 Be7
22. Qh5 Rd5 23. Qe2 e4 24. Nd2 f3 25. gxf3 exf3 26. Nxf3 Bg4 27. Rxd5 cxd5 28.
Qe5 Bd6 29. Qxd5+ Kh8 30. Nd4 Bxh2+ 31. Kg2 Rxf2+ 32. Kxf2 Qg3+ 0-1

[Event "XXXIX C.to Italiano a Serie Nazionali a squadre B"]
[Site "Cattolica ITA"]
[Date "2007.05.12"]
[Round "2"]
[White "Di Donatantonio, Franco"]
[Black "Trebeschi, Andrea"]
[WhiteElo "2111"]
[BlackElo "2057"]
[Result "1-0"]
[PlyCount "79"]
[EventDate "2007.05.11"]

1. e4 d6 2. d4 Nf6 3. Nc3 g6 4. Bg5 Bg7 5. f3 c6 6. Qd2 b5 7. Nge2 Nbd7 8. Ng3
Bb7 9. Bh6 Bxh6 10. Qxh6 Qa5 11. Qd2 a6 12. a3 Qc7 13. Bd3 c5 14. d5 Ne5 15.
O-O Rc8 16. Be2 O-O 17. f4 Ned7 18. h4 b4 19. Nd1 a5 20. Ne3 Ra8 21. h5 Ba6 22.
Bxa6 Rxa6 23. Qe2 Ra7 24. Nc4 Nb6 25. hxg6 fxg6 26. Rad1 Nxc4 27. Qxc4 bxa3 28.
bxa3 Rb7 29. f5 Qb6 30. fxg6 hxg6 31. e5 dxe5 32. d6+ Kg7 33. Ne4 Nxe4 34. Rxf8
Kxf8 35. Qxe4 exd6 36. Qxg6 c4+ 37. Kh2 Qf2 38. Qxd6+ Re7 39. Qh6+ Kf7 40. Qh7+
1-0

[Event "XXXIX C.to Italiano a Serie Nazionali a squadre B"]
[Site "Cattolica ITA"]
[Date "2007.05.12"]
[Round "2"]
[White "La Manna, Andrea"]
[Black "Battisti, Eugenio"]
[WhiteElo "2097"]
[BlackElo "2033"]
[Result "1-0"]
[PlyCount "47"]
[EventDate "2007.05.11"]

1. d4 d5 2. c4 c6 3. Nc3 Nf6 4. cxd5 cxd5 5. f3 Nc6 6. e4 e6 7. e5 Nd7 8. f4
Qb6 9. Nf3 Be7 10. Be2 f6 11. O-O fxe5 12. fxe5 Ndxe5 13. Nxe5 Nxe5 14. Na4 Qc7
15. Bf4 Bd6 16. Bxe5 Bxe5 17. dxe5 Qxe5 18. Bb5+ Ke7 19. Qd2 Rd8 20. Rae1 Qh5
21. Qf4 d4 22. Qc7+ Bd7 23. Re5 Qg4 24. Qc5+ 1-0

[Event "XXXIX C.to Italiano a Serie Nazionali a squadre B"]
[Site "Cattolica ITA"]
[Date "2007.05.12"]
[Round "2"]
[White "Simeone, Giulio"]
[Black "D'Innocente, Stefano"]
[WhiteElo "2003"]
[BlackElo "2261"]
[Result "1/2-1/2"]
[PlyCount "84"]
[EventDate "2007.05.11"]

1. c4 c6 2. e4 d5 3. cxd5 cxd5 4. exd5 Nf6 5. Bb5+ Nbd7 6. Nc3 g6 7. Nf3 Bg7 8.
O-O O-O 9. d4 Nb6 10. Bg5 Nbxd5 11. Re1 Be6 12. Qd2 Rc8 13. Rac1 Qd6 14. a3
Nxc3 15. Rxc3 Rxc3 16. Qxc3 Rc8 17. Qe3 Qb6 18. Qe2 h6 19. Be3 Bd5 20. Ne5 e6
21. Bd3 Qa5 22. Qd2 Qxd2 23. Bxd2 a6 24. f3 Kf8 25. Rc1 Rxc1+ 26. Bxc1 Ke8 27.
Kf2 Nd7 28. f4 Nf6 29. g3 Be4 30. Be2 Nd5 31. Bd2 h5 32. Bc4 Bf8 33. b4 f6 34.
Nf3 Kd7 35. Ke2 Kc6 36. Ne1 b5 37. Bb3 a5 38. Nd3 axb4 39. Nxb4+ Bxb4 40. Bxb4
Nxb4 41. axb4 Kd6 42. Ke3 Bf5 1/2-1/2

[Event "XXXIX C.to Italiano a Serie Nazionali a squadre B"]
[Site "Cattolica ITA"]
[Date "2007.05.12"]
[Round "2"]
[White "Varini, Massimo"]
[Black "La Manna, Francesco"]
[WhiteElo "2023"]
[BlackElo "2179"]
[Result "1/2-1/2"]
[PlyCount "85"]
[EventDate "2007.05.11"]

1. e4 d6 2. d4 Nf6 3. Nc3 c6 4. a4 e5 5. Nf3 Nbd7 6. Bc4 Be7 7. O-O O-O 8. dxe5
dxe5 9. Qe2 Qc7 10. Rd1 Nc5 11. h3 Bd7 12. Ng5 h6 13. Nf3 Rad8 14. Be3 Ne6 15.
a5 b5 16. axb6 axb6 17. Nh4 Rfe8 18. Nf5 Bf8 19. Qf3 Nf4 20. Ra6 Bxf5 21. Bxb6
Rxd1+ 22. Qxd1 Qd7 23. exf5 Qxf5 24. Ra7 Re7 25. Ra8 Re8 26. Rxe8 Nxe8 27. Qd8
Nd6 28. Bf1 Ne6 29. Qb8 Qxc2 30. Ba5 Ne4 31. Nxe4 Qxe4 32. Bc3 Nd4 33. Qe8 Qd5
34. Bb4 c5 35. Bc3 Qe6 36. Qd8 g6 37. Bd2 Qe7 38. Qa8 Kg7 39. Bc4 Ne6 40. Bc3
Qd6 41. Qa7 Be7 42. Bxe5+ Qxe5 43. Qxe7 1/2-1/2

[Event "XXXIX C.to Italiano a Serie Nazionali a squadre B"]
[Site "Cattolica ITA"]
[Date "2007.05.12"]
[Round "3"]
[White "Altieri, Claudio"]
[Black "Varini, Massimo"]
[WhiteElo "2067"]
[BlackElo "2023"]
[Result "1/2-1/2"]
[PlyCount "43"]
[EventDate "2007.05.11"]

1. Nf3 Nf6 2. d3 d5 3. Nbd2 c5 4. e4 e6 5. Be2 Nc6 6. c3 Be7 7. O-O O-O 8. Re1
b6 9. Qc2 Bb7 10. Nf1 Qc7 11. Ng3 Rad8 12. Bf1 dxe4 13. dxe4 Ng4 14. h3 Nge5
15. Nxe5 Nxe5 16. Be3 c4 17. Red1 Bc5 18. Bd4 Nd3 19. Bxc5 Nxc5 20. Bxc4 Nxe4
21. Nxe4 Qxc4 22. Nd6 1/2-1/2

[Event "XXXIX C.to Italiano a Serie Nazionali a squadre B"]
[Site "Cattolica ITA"]
[Date "2007.05.12"]
[Round "3"]
[White "Battisti, Eugenio"]
[Black "Di Carlo, Romeo"]
[WhiteElo "2033"]
[BlackElo "2075"]
[Result "1/2-1/2"]
[PlyCount "66"]
[EventDate "2007.05.11"]

1. e4 d6 2. d4 Nf6 3. f3 c6 4. Ne2 Nbd7 5. Be3 e5 6. c3 Be7 7. Ng3 Nf8 8. Nd2
Qc7 9. Bc4 b5 10. Bb3 Rb8 11. O-O Ng6 12. Nf5 O-O 13. g4 Re8 14. dxe5 dxe5 15.
Qe1 Bf8 16. Bg5 Nd7 17. Rd1 Nc5 18. Qe2 Be6 19. h4 Bxb3 20. Nxb3 Ne6 21. Be3
Ngf4 22. Qh2 a5 23. Nc1 g6 24. Ng3 Bc5 25. Bxc5 Nxc5 26. Nge2 Nce6 27. Nxf4
Nxf4 28. Ne2 Ne6 29. h5 Rbd8 30. Qh4 Qb6+ 31. Qf2 Qxf2+ 32. Kxf2 Rxd1 33. Rxd1
Rd8 1/2-1/2

[Event "XXXIX C.to Italiano a Serie Nazionali a squadre B"]
[Site "Cattolica ITA"]
[Date "2007.05.12"]
[Round "3"]
[White "D'Innocente, Stefano"]
[Black "Sciortino, Massimo"]
[WhiteElo "2261"]
[BlackElo "2254"]
[Result "1/2-1/2"]
[PlyCount "32"]
[EventDate "2007.05.11"]

1. e4 e5 2. Nf3 Nc6 3. Bb5 Nge7 4. c3 g6 5. d4 exd4 6. cxd4 d5 7. exd5 Nxd5 8.
O-O Bg7 9. Re1+ Be6 10. Bxc6+ bxc6 11. Bg5 Qb8 12. Nc3 Nxc3 13. bxc3 O-O 14.
Ne5 Qb5 15. Be7 Rfe8 16. Bc5 Bd5 1/2-1/2

[Event "XXXIX C.to Italiano a Serie Nazionali a squadre B"]
[Site "Cattolica ITA"]
[Date "2007.05.12"]
[Round "3"]
[White "Di Gianni, Rocco"]
[Black "Arcion, Riccardo"]
[WhiteElo "2137"]
[BlackElo "1952"]
[Result "1/2-1/2"]
[PlyCount "72"]
[EventDate "2007.05.11"]

1. e4 c5 2. Nc3 e6 3. Nf3 d5 4. d3 Nc6 5. Be2 d4 6. Nb1 Nf6 7. h3 Bd7 8. a4 a6
9. Na3 Be7 10. O-O Qb8 11. Nc4 b5 12. axb5 axb5 13. Rxa8 Qxa8 14. Nce5 O-O 15.
Bg5 Qb7 16. Nxc6 Bxc6 17. b4 Ne8 18. bxc5 Bxg5 19. Nxg5 Qe7 20. f4 Qxc5 21. Nf3
Nf6 22. Kh2 Ra8 23. Qb1 Nd7 24. Qb2 Ra4 25. Rb1 h6 26. Nd2 Qd6 27. e5 Nxe5 28.
Ne4 Bxe4 29. dxe4 Ng6 30. e5 Qc5 31. Bxb5 Ra3 32. Bd3 Nf8 33. Qb8 g5 34. Rf1
Ra5 35. Kh1 Qe7 36. fxg5 hxg5 1/2-1/2

[Event "XXXIX C.to Italiano a Serie Nazionali a squadre B"]
[Site "Cattolica ITA"]
[Date "2007.05.12"]
[Round "3"]
[White "Ferri, Stefano"]
[Black "Bracali, Andrea"]
[WhiteElo "2162"]
[BlackElo "2071"]
[Result "1/2-1/2"]
[PlyCount "35"]
[EventDate "2007.05.11"]

1. d4 d6 2. Nf3 Bg4 3. e4 Nf6 4. h3 Bh5 5. Bd3 c6 6. c4 Nbd7 7. Be3 e5 8. g4
Bg6 9. Nc3 h6 10. Nh4 Bxe4 11. Bxe4 Nxe4 12. Nxe4 Qxh4 13. dxe5 Nxe5 14. Qb3
Be7 15. O-O-O O-O 16. Nxd6 Bxd6 17. Rxd6 Rfd8 18. c5 1/2-1/2

[Event "XXXIX C.to Italiano a Serie Nazionali a squadre B"]
[Site "Cattolica ITA"]
[Date "2007.05.12"]
[Round "3"]
[White "Gallitto, Salvatore"]
[Black "Cerquitella, Luca"]
[WhiteElo "1939"]
[BlackElo "2198"]
[Result "1/2-1/2"]
[PlyCount "39"]
[EventDate "2007.05.11"]

1. d4 Nf6 2. e3 c5 3. c3 e6 4. f4 b6 5. Nf3 Bb7 6. Bd3 Be7 7. O-O O-O 8. Bd2 d6
9. Qe2 Ne4 10. Be1 Nd7 11. Nbd2 Ndf6 12. Bh4 h6 13. Rad1 Rc8 14. Nxe4 Nxe4 15.
Bxe7 Qxe7 16. Nd2 Nxd2 17. Rxd2 cxd4 18. exd4 Qf6 19. Be4 Bxe4 20. Qxe4 1/2-1/2

[Event "XXXIX C.to Italiano a Serie Nazionali a squadre B"]
[Site "Cattolica ITA"]
[Date "2007.05.12"]
[Round "3"]
[White "Gueneau, Christophe"]
[Black "Di Donatantonio, Franco"]
[WhiteElo "2126"]
[BlackElo "2111"]
[Result "1/2-1/2"]
[PlyCount "38"]
[EventDate "2007.05.11"]

1. d4 Nf6 2. Nf3 c5 3. g3 cxd4 4. Nxd4 Nc6 5. Bg2 g6 6. O-O Bg7 7. e4 O-O 8.
Ne2 Qb6 9. Nbc3 d6 10. h3 Rd8 11. a3 e6 12. Be3 Qc7 13. Qd2 d5 14. exd5 Nxd5
15. Nxd5 exd5 16. c3 Ne5 17. Bf4 Qb6 18. Bxe5 Bxe5 19. Nd4 Bxd4 1/2-1/2

[Event "XXXIX C.to Italiano a Serie Nazionali a squadre B"]
[Site "Cattolica ITA"]
[Date "2007.05.12"]
[Round "3"]
[White "La Manna, Francesco"]
[Black "Simeone, Giulio"]
[WhiteElo "2179"]
[BlackElo "2003"]
[Result "1-0"]
[PlyCount "79"]
[EventDate "2007.05.11"]

1. d4 g6 2. c4 Bg7 3. e4 d6 4. Nc3 Nc6 5. Be3 e5 6. Nge2 f5 7. f3 Nf6 8. d5 Ne7
9. b4 O-O 10. Nc1 a5 11. bxa5 fxe4 12. Nxe4 Nf5 13. Bg5 h6 14. Bxf6 Bxf6 15.
Nb3 Ne3 16. Qd2 Nxf1 17. Rxf1 Bg7 18. Kf2 Bd7 19. Kg1 Kh7 20. Rac1 h5 21. Rc2
Bh6 22. Qb4 Be3+ 23. Kh1 Bf5 24. Re2 Bf4 25. Qxb7 Qe7 26. c5 Rab8 27. cxd6 Qh4
28. Qxc7+ Kh8 29. g3 Qh3 30. Kg1 Rfc8 31. Qa7 Bh6 32. Qf2 Bd7 33. Rfe1 Bb5 34.
Rc2 Bd3 35. Rxc8+ Rxc8 36. Nbc5 Bb5 37. Qb2 Be8 38. Qxe5+ Bg7 39. Qe6 Bd4+ 40.
Kh1 1-0

[Event "XXXIX C.to Italiano a Serie Nazionali a squadre B"]
[Site "Cattolica ITA"]
[Date "2007.05.12"]
[Round "3"]
[White "Ridolfi, Raffaele"]
[Black "Dappiano, Andrea"]
[WhiteElo "1932"]
[BlackElo "1767"]
[Result "1/2-1/2"]
[PlyCount "81"]
[EventDate "2007.05.11"]

1. d4 Nf6 2. c4 c5 3. d5 d6 4. Nc3 e5 5. e4 g6 6. Nge2 Bg7 7. Ng3 O-O 8. Be2
Ne8 9. O-O f5 10. exf5 gxf5 11. f3 Na6 12. Bd2 Nac7 13. Qc2 Rb8 14. Rfd1 a6 15.
a4 b6 16. Be1 Bh6 17. Bd2 Bxd2 18. Rxd2 Qh4 19. Bd3 Ng7 20. Rdd1 Rf6 21. Nf1
Bd7 22. b3 Rh6 23. Rab1 a5 24. Qf2 Qf6 25. Rbc1 Kh8 26. Re1 Rg8 27. Nd2 Nh5 28.
Ne2 Rhg6 29. g3 Nf4 30. Nxf4 exf4 31. Nf1 R6g7 32. Qd2 fxg3 33. hxg3 f4 34. g4
h5 35. Qc3 Qg5 36. Rc2 Bxg4 37. Rg2 Qh4 38. fxg4 f3 39. Rh2 Qxg4+ 40. Ng3 Qxg3+
41. Kh1 1/2-1/2

[Event "XXXIX C.to Italiano a Serie Nazionali a squadre B"]
[Site "Cattolica ITA"]
[Date "2007.05.12"]
[Round "3"]
[White "Seleni, Aldo"]
[Black "Iafelice, Vincenzo"]
[WhiteElo "2100"]
[BlackElo "2068"]
[Result "1/2-1/2"]
[PlyCount "96"]
[EventDate "2007.05.11"]

1. d4 f5 2. Bg5 g6 3. c4 Bg7 4. e3 Nf6 5. Nc3 O-O 6. Bd3 Nc6 7. Nf3 d6 8. d5
Ne5 9. Nxe5 dxe5 10. e4 f4 11. c5 h6 12. Bxf6 Rxf6 13. Bc4 Kh8 14. f3 g5 15. h3
h5 16. Qe2 b6 17. c6 Bh6 18. Rd1 Kg7 19. Rd2 a6 20. Nd1 Qd6 21. Nf2 Rg6 22. Rd3
b5 23. Bb3 a5 24. Rd1 Ba6 25. Kf1 Kh7 26. Bc2 Bf8 27. Bd3 Qc5 28. h4 Bh6 29.
hxg5 Rxg5 30. a4 Rb8 31. b3 Qb4 32. Rb1 Bf8 33. Bc2 Rb6 34. Bd3 Kg6 35. Kg1 Kf6
36. Qb2 Qc5 37. Rh4 Qe3 38. Kf1 e6 39. Rxh5 Bc5 40. Rxg5 Kxg5 41. Qxe5+ Kg6 42.
Qxe6+ Kg7 43. Qe5+ Kf8 44. Qb2 bxa4 45. Bxa6 Rxb3 46. Qh8+ Kf7 47. Qh7+ Kf8 48.
Qh8+ Kf7 1/2-1/2

[Event "XXXIX C.to Italiano a Serie Nazionali a squadre B"]
[Site "Cattolica ITA"]
[Date "2007.05.12"]
[Round "3"]
[White "Trebeschi, Andrea"]
[Black "La Manna, Francesco"]
[WhiteElo "2057"]
[BlackElo "2179"]
[Result "1/2-1/2"]
[PlyCount "66"]
[EventDate "2007.05.11"]

1. e4 d6 2. d4 Nf6 3. Nc3 c6 4. h3 e5 5. g3 b5 6. a3 Be7 7. Bg2 O-O 8. Nge2
Nbd7 9. O-O a5 10. Be3 Rb8 11. Qd2 Qc7 12. g4 Nb6 13. b3 b4 14. axb4 axb4 15.
Na4 c5 16. d5 Bd7 17. Nxb6 Qxb6 18. Ng3 Bb5 19. Rfb1 g6 20. Bf1 Bd7 21. g5 Ne8
22. Ra6 Qb7 23. Rba1 Nc7 24. Ra7 Qb6 25. Qc1 Ra8 26. Rxa8 Rxa8 27. Rxa8+ Nxa8
28. Qa1 Nc7 29. Kg2 Nb5 30. Bxb5 Bxb5 31. Qa8+ Qd8 32. Qb7 Bd7 33. f4 Bc8
1/2-1/2

[Event "XXXIX C.to Italiano a Serie Nazionali a squadre B"]
[Site "Cattolica ITA"]
[Date "2007.05.13"]
[Round "4"]
[White "Arcion, Riccardo"]
[Black "Bracali, Andrea"]
[WhiteElo "1952"]
[BlackElo "2071"]
[Result "1/2-1/2"]
[PlyCount "45"]
[EventDate "2007.05.11"]

1. d4 d6 2. c4 e5 3. dxe5 dxe5 4. Qxd8+ Kxd8 5. Nc3 Be6 6. e4 c6 7. Nf3 f6 8.
Be3 Nd7 9. Be2 Kc7 10. O-O Bc5 11. Bxc5 Nxc5 12. b4 Nd7 13. Rac1 Ne7 14. Rfd1
a5 15. a3 axb4 16. axb4 Rhd8 17. Nd5+ cxd5 18. cxd5+ Kb6 19. dxe6 Nf8 20. Bc4
Rac8 21. Rxd8 Rxd8 22. Bd5 Nfg6 23. Bc4 1/2-1/2